[Event "Villarobledo Online Qualifyer"]
[Site "playchess.com #155672"]
[Date "2009.05.23"]
[Round "1"]
[White "Moe der Beste"]
[Black "The great master"]
[Result "1-0"]
[WhiteElo "2135"]
[BlackElo "1481"]
[PlyCount "157"]
[EventDate "2009.05.23"]
[EventType "swiss (blitz)"]

1. d4 {[%emt 0:00:04]} d5 {[%emt 0:00:02]} 2. c4 {[%emt 0:00:02]} e6 {[%emt 0:
00:01]} 3. Nc3 {[%emt 0:00:01]} Nf6 {[%emt 0:00:01]} 4. Nf3 {[%emt 0:00:01]}
Be7 {[%emt 0:00:01]} 5. Bg5 {[%emt 0:00:01]} h6 {[%emt 0:00:01]} 6. Bh4 {[%emt
0:00:02]} O-O {[%emt 0:00:04]} 7. e3 {[%emt 0:00:01]} Nbd7 {[%emt 0:00:04]} 8.
a3 {[%emt 0:00:03]} a6 {[%emt 0:00:02]} 9. Rc1 {[%emt 0:00:02]} dxc4 {[%emt 0:
00:01]} 10. Bxc4 {[%emt 0:00:01]} b5 {[%emt 0:00:01]} 11. Be2 {[%emt 0:00:01]}
Bb7 {[%emt 0:00:02]} 12. b4 {[%emt 0:00:02]} Rc8 {[%emt 0:00:02]} 13. O-O {
[%emt 0:00:01]} Re8 {[%emt 0:00:08]} 14. Nd2 {[%emt 0:00:05]} Nd5 {[%emt 0:00:
26]} 15. Bg3 {[%emt 0:00:01]} N7f6 {[%emt 0:00:10]} 16. Bf3 {[%emt 0:00:02]}
Ba8 {[%emt 0:00:04]} 17. Nde4 {[%emt 0:00:01]} Nxc3 {[%emt 0:00:07]} 18. Nxc3 {
[%emt 0:00:12]} Bxf3 {[%emt 0:00:11]} 19. Qxf3 {[%emt 0:00:00]} Bd6 {[%emt 0:
00:06]} 20. Bh4 {[%emt 0:00:02]} Be7 {[%emt 0:00:09]} 21. Bxf6 {[%emt 0:00:07]}
Bxf6 {[%emt 0:00:03]} 22. Ne4 {[%emt 0:00:00]} Be7 {[%emt 0:00:07]} 23. Rc6 {
[%emt 0:00:02]} Ra8 {[%emt 0:00:17]} 24. Rfc1 {[%emt 0:00:04]} Ra7 {[%emt 0:00:
04]} 25. Nc5 {[%emt 0:00:04]} Bxc5 {[%emt 0:00:09]} 26. R6xc5 {[%emt 0:00:04]}
Qe7 {[%emt 0:00:17]} 27. h3 {[%emt 0:00:04]} Rc8 {[%emt 0:00:09]} 28. Rc6 {
[%emt 0:00:06]} a5 {[%emt 0:00:05]} 29. bxa5 {[%emt 0:00:00]} Rxa5 {[%emt 0:00:
01]} 30. Qh5 {[%emt 0:00:07]} Rxa3 {[%emt 0:00:12]} 31. Qxb5 {[%emt 0:00:06]}
Raa8 {[%emt 0:00:13]} 32. Qb7 {[%emt 0:00:02]} Rab8 {[%emt 0:00:05]} 33. Qa7 {
[%emt 0:00:04]} Ra8 {[%emt 0:00:01]} 34. Qb7 {[%emt 0:00:08]} Rab8 {[%emt 0:00:
01]} 35. Qa6 {[%emt 0:00:01]} Ra8 {[%emt 0:00:03]} 36. Qb5 {[%emt 0:00:04]}
Rab8 {[%emt 0:00:02]} 37. Qa5 {[%emt 0:00:02]} Ra8 {[%emt 0:00:01]} 38. Qe5 {
[%emt 0:00:01]} Qa3 {[%emt 0:00:14]} 39. Kh2 {[%emt 0:00:21]} Ra5 {[%emt 0:00:
11]} 40. Qg3 {[%emt 0:00:05]} Rg5 {[%emt 0:00:04]} 41. Qf3 {[%emt 0:00:22] .}
Qd3 {[%emt 0:00:09]} 42. Rxc7 {[%emt 0:00:05]} Rxc7 {[%emt 0:00:01]} 43. Rxc7 {
[%emt 0:00:00]} Qg6 {[%emt 0:00:01]} 44. h4 {[%emt 0:00:09]} Rf5 {[%emt 0:00:
03]} 45. Qg3 {[%emt 0:00:01]} Qxg3+ {[%emt 0:00:02]} 46. fxg3 {[%emt 0:00:01]}
Rf2 {[%emt 0:00:01]} 47. Rc8+ {[%emt 0:00:03]} Kh7 {[%emt 0:00:01]} 48. Rc7 {
[%emt 0:00:02]} Kg6 {[%emt 0:00:02]} 49. g4 {[%emt 0:00:01]} Re2 {[%emt 0:00:
03]} 50. Rc3 {[%emt 0:00:00]} h5 {[%emt 0:00:04]} 51. gxh5+ {[%emt 0:00:01]}
Kxh5 {[%emt 0:00:00]} 52. Kh3 {[%emt 0:00:00]} g5 {[%emt 0:00:04]} 53. g4+ {
[%emt 0:00:01]} Kh6 {[%emt 0:00:02]} 54. h5 {[%emt 0:00:02]} f5 {[%emt 0:00:03]
} 55. Kg3 {[%emt 0:00:03]} f4+ {[%emt 0:00:02]} 56. exf4 {[%emt 0:00:01]} gxf4+
{[%emt 0:00:01]} 57. Kxf4 {[%emt 0:00:00]} Rf2+ {[%emt 0:00:01]} 58. Kg3 {
[%emt 0:00:01]} Re2 {[%emt 0:00:01]} 59. Rc6 {[%emt 0:00:01]} Kg5 {[%emt 0:00:
04]} 60. Rc5+ {[%emt 0:00:01]} Kh6 {[%emt 0:00:02]} 61. Re5 {[%emt 0:00:01]}
Rxe5 {[%emt 0:00:06]} 62. dxe5 {[%emt 0:00:01]} Kg5 {[%emt 0:00:01]} 63. Kf3 {
[%emt 0:00:00]} Kh6 {[%emt 0:00:02]} 64. Kf4 {[%emt 0:00:00]} Kg7 {[%emt 0:00:
01]} 65. g5 {[%emt 0:00:00]} Kf7 {[%emt 0:00:01]} 66. Ke4 {[%emt 0:00:00]} Kg7
{[%emt 0:00:01]} 67. Kd4 {[%emt 0:00:00]} Kf7 {[%emt 0:00:00]} 68. Kc5 {[%emt
0:00:00]} Ke7 {[%emt 0:00:01]} 69. Kc6 {[%emt 0:00:00]} Ke8 {[%emt 0:00:03]}
70. Kd6 {[%emt 0:00:00]} Kf7 {[%emt 0:00:01]} 71. Kd7 {[%emt 0:00:00]} Kf8 {
[%emt 0:00:03]} 72. Kxe6 {[%emt 0:00:00]} Ke8 {[%emt 0:00:00]} 73. Kf5 {[%emt
0:00:00]} Kf7 {[%emt 0:00:01]} 74. e6+ {[%emt 0:00:00]} Ke7 {[%emt 0:00:02]}
75. h6 {[%emt 0:00:00]} Kf8 {[%emt 0:00:01]} 76. g6 {[%emt 0:00:00]} Kg8 {
[%emt 0:00:01]} 77. Ke5 {[%emt 0:00:00]} Kf8 {[%emt 0:00:01]} 78. Kd6 {[%emt 0:
00:00]} Ke8 {[%emt 0:00:01]} 79. g7 {[%emt 0:00:00] The great master resigns}
1-0

[Event "Villarobledo Online Qualifyer"]
[Site "playchess.com #155672"]
[Date "2009.05.23"]
[Round "1"]
[White "GMsKoRPioN"]
[Black "DeusMachine"]
[Result "1/2-1/2"]
[WhiteElo "2618"]
[BlackElo "1778"]
[PlyCount "167"]
[EventDate "2009.05.23"]
[EventType "swiss (blitz)"]

1. d4 {[%emt 0:00:06]} d5 {[%emt 0:00:01]} 2. c4 {[%emt 0:00:02]} c6 {[%emt 0:
00:01]} 3. Nf3 {[%emt 0:00:01]} Nf6 {[%emt 0:00:01]} 4. Nc3 {[%emt 0:00:07]} a6
{[%emt 0:00:06]} 5. a4 {[%emt 0:00:02]} e6 {[%emt 0:00:02]} 6. Bg5 {[%emt 0:00:
03]} Be7 {[%emt 0:00:02]} 7. e3 {[%emt 0:00:01]} Ne4 {[%emt 0:00:27]} 8. Nxe4 {
[%emt 0:00:07]} dxe4 {[%emt 0:00:07]} 9. Bxe7 {[%emt 0:00:01]} Qxe7 {[%emt 0:
00:04]} 10. Nd2 {[%emt 0:00:01]} f5 {[%emt 0:00:01]} 11. c5 {[%emt 0:00:04]}
O-O {[%emt 0:00:01]} 12. Bc4 {[%emt 0:00:02]} Kh8 {[%emt 0:00:01]} 13. O-O {
[%emt 0:00:01]} e5 {[%emt 0:00:02]} 14. dxe5 {[%emt 0:00:40]} Qxe5 {[%emt 0:00:
09]} 15. b4 {[%emt 0:00:01]} Nd7 {[%emt 0:00:39]} 16. Ra2 {[%emt 0:00:26]} Nf6
{[%emt 0:00:04]} 17. Qa1 {[%emt 0:00:02]} Qc7 {[%emt 0:00:31]} 18. g3 {[%emt 0:
00:03]} Bd7 {[%emt 0:00:07]} 19. Rd1 {[%emt 0:00:02]} Rad8 {[%emt 0:00:02]} 20.
Nb3 {[%emt 0:00:05]} b5 {[%emt 0:00:23]} 21. cxb6 {[%emt 0:00:40]} Qxb6 {[%emt
0:00:02]} 22. Qc3 {[%emt 0:00:01]} h6 {[%emt 0:00:08]} 23. Rad2 {[%emt 0:00:02]
} Bc8 {[%emt 0:00:02]} 24. Nc5 {[%emt 0:00:05]} Rxd2 {[%emt 0:00:05]} 25. Qxd2
{[%emt 0:00:02]} Kh7 {[%emt 0:00:08]} 26. a5 {[%emt 0:00:04]} Qc7 {[%emt 0:00:
02]} 27. Qd6 {[%emt 0:00:02]} Qxd6 {[%emt 0:00:08]} 28. Rxd6 {[%emt 0:00:00]}
Ng4 {[%emt 0:00:14]} 29. Bxa6 {[%emt 0:00:29] .} Ne5 {[%emt 0:00:06]} 30. Bxc8
{[%emt 0:00:04]} Rxc8 {[%emt 0:00:00]} 31. a6 {[%emt 0:00:02]} Nf3+ {[%emt 0:
00:01]} 32. Kg2 {[%emt 0:00:01]} Rb8 {[%emt 0:00:01]} 33. a7 {[%emt 0:00:03]}
Ra8 {[%emt 0:00:02]} 34. Rd7 {[%emt 0:00:01]} Ne5 {[%emt 0:00:02]} 35. Rb7 {
[%emt 0:00:01]} Nc4 {[%emt 0:00:05]} 36. Na6 {[%emt 0:00:01]} Nd6 {[%emt 0:00:
02]} 37. Rd7 {[%emt 0:00:01]} Nb5 {[%emt 0:00:02]} 38. Nc5 {[%emt 0:00:05]}
Rxa7 {[%emt 0:00:01]} 39. Rxa7 {[%emt 0:00:02]} Nxa7 {[%emt 0:00:01]} 40. f3 {
[%emt 0:00:01]} exf3+ {[%emt 0:00:04]} 41. Kxf3 {[%emt 0:00:00]} Kg8 {[%emt 0:
00:01]} 42. Kf4 {[%emt 0:00:01]} g6 {[%emt 0:00:01]} 43. Ke5 {[%emt 0:00:01]}
Kf7 {[%emt 0:00:01]} 44. Kd6 {[%emt 0:00:01]} g5 {[%emt 0:00:02]} 45. Ke5 {
[%emt 0:00:02]} Kg6 {[%emt 0:00:01]} 46. Kd6 {[%emt 0:00:06]} f4 {[%emt 0:00:
05]} 47. exf4 {[%emt 0:00:01]} gxf4 {[%emt 0:00:00]} 48. gxf4 {[%emt 0:00:01]}
Kf5 {[%emt 0:00:00]} 49. Kc7 {[%emt 0:00:04]} Kxf4 {[%emt 0:00:02]} 50. Kb6 {
[%emt 0:00:01]} Nc8+ {[%emt 0:00:02]} 51. Kxc6 {[%emt 0:00:01]} Ke5 {[%emt 0:
00:03]} 52. Kc7 {[%emt 0:00:01]} Na7 {[%emt 0:00:01]} 53. Kb6 {[%emt 0:00:02]}
Nc8+ {[%emt 0:00:02]} 54. Kc7 {[%emt 0:00:02]} Na7 {[%emt 0:00:01]} 55. Kb7 {
[%emt 0:00:01]} Nb5 {[%emt 0:00:02]} 56. Kb6 {[%emt 0:00:00]} Nd6 {[%emt 0:00:
01]} 57. Kc6 {[%emt 0:00:01]} Nc8 {[%emt 0:00:01]} 58. b5 {[%emt 0:00:01]} Na7+
{[%emt 0:00:01]} 59. Kb6 {[%emt 0:00:01]} Nxb5 {[%emt 0:00:02]} 60. Kxb5 {
[%emt 0:00:00]} Kf4 {[%emt 0:00:00]} 61. Nd3+ {[%emt 0:00:07]} Kf3 {[%emt 0:00:
03]} 62. Kc5 {[%emt 0:00:08]} Kg2 {[%emt 0:00:03]} 63. h4 {[%emt 0:00:01]} Kg3
{[%emt 0:00:03]} 64. h5 {[%emt 0:00:01]} Kg4 {[%emt 0:00:01]} 65. Kd5 {[%emt 0:
00:01]} Kxh5 {[%emt 0:00:01]} 66. Ke4 {[%emt 0:00:00]} Kh4 {[%emt 0:00:01]} 67.
Kf3 {[%emt 0:00:01]} Kh3 {[%emt 0:00:00]} 68. Nf2+ {[%emt 0:00:01]} Kh4 {[%emt
0:00:02]} 69. Kg2 {[%emt 0:00:01]} Kg5 {[%emt 0:00:01]} 70. Nh3+ {[%emt 0:00:
01]} Kg4 {[%emt 0:00:01]} 71. Nf2+ {[%emt 0:00:00]} Kg5 {[%emt 0:00:01]} 72.
Nh3+ {[%emt 0:00:00]} Kf5 {[%emt 0:00:01]} 73. Nf2 {[%emt 0:00:00]} Kg6 {[%emt
0:00:01]} 74. Nh3 {[%emt 0:00:01]} Kf5 {[%emt 0:00:01]} 75. Nf2 {[%emt 0:00:00]
} h5 {[%emt 0:00:01]} 76. Nh3 {[%emt 0:00:00]} h4 {[%emt 0:00:01]} 77. Nf2 {
[%emt 0:00:00]} Kf4 {[%emt 0:00:01]} 78. Nh3+ {[%emt 0:00:00]} Kg4 {[%emt 0:00:
01]} 79. Nf2+ {[%emt 0:00:00]} Kf4 {[%emt 0:00:02]} 80. Nh3+ {[%emt 0:00:00]}
Ke3 {[%emt 0:00:02]} 81. Nf2 {[%emt 0:00:00]} Ke2 {[%emt 0:00:01]} 82. Nh3 {
[%emt 0:00:01]} Ke3 {[%emt 0:00:01]} 83. Nf2 {[%emt 0:00:00]} h3+ {[%emt 0:00:
01]} 84. Nxh3 {[%emt 0:00:00]} 1/2-1/2

[Event "Villarobledo Online Qualifyer"]
[Site "playchess.com #155672"]
[Date "2009.05.23"]
[Round "1"]
[White "Vampire__23"]
[Black "Pra120"]
[Result "1-0"]
[WhiteElo "2151"]
[BlackElo "1492"]
[PlyCount "125"]
[EventDate "2009.05.23"]
[EventType "swiss (blitz)"]

1. d4 {[%emt 0:00:01]} Nf6 {[%emt 0:00:07]} 2. Nf3 {[%emt 0:00:02]} g6 {[%emt
0:00:02]} 3. Bg5 {[%emt 0:00:01]} Bg7 {[%emt 0:00:02]} 4. e3 {[%emt 0:00:01]}
d5 {[%emt 0:00:04]} 5. Bd3 {[%emt 0:00:02]} Nc6 {[%emt 0:00:02]} 6. Nbd2 {
[%emt 0:00:01]} Nb4 {[%emt 0:00:02]} 7. Be2 {[%emt 0:00:02]} Bf5 {[%emt 0:00:
02]} 8. O-O {[%emt 0:00:16]} Nxc2 {[%emt 0:00:09]} 9. Rc1 {[%emt 0:00:03]} Nb4
{[%emt 0:00:02]} 10. a3 {[%emt 0:00:01]} Nc6 {[%emt 0:00:02]} 11. Nh4 {[%emt 0:
00:02]} Be6 {[%emt 0:00:04]} 12. Bb5 {[%emt 0:00:03]} Qd7 {[%emt 0:00:12]} 13.
Nhf3 {[%emt 0:00:02]} Ne4 {[%emt 0:00:10]} 14. Nxe4 {[%emt 0:00:06]} dxe4 {
[%emt 0:00:03]} 15. Nd2 {[%emt 0:00:05]} Bd5 {[%emt 0:00:07]} 16. f3 {[%emt 0:
00:07]} exf3 {[%emt 0:00:12]} 17. Nxf3 {[%emt 0:00:02]} a6 {[%emt 0:00:04]} 18.
Ba4 {[%emt 0:00:01]} b5 {[%emt 0:00:02]} 19. Bb3 {[%emt 0:00:04]} Bxb3 {[%emt
0:00:05]} 20. Qxb3 {[%emt 0:00:00]} O-O {[%emt 0:00:03]} 21. Bf4 {[%emt 0:00:
13]} Rac8 {[%emt 0:00:14]} 22. Qc3 {[%emt 0:00:21]} Na5 {[%emt 0:00:10]} 23.
Qxa5 {[%emt 0:00:03]} c5 {[%emt 0:00:04]} 24. Rxc5 {[%emt 0:00:13]} Rxc5 {
[%emt 0:00:05]} 25. dxc5 {[%emt 0:00:01]} Bxb2 {[%emt 0:00:05]} 26. Qxa6 {
[%emt 0:00:02]} Rc8 {[%emt 0:00:10]} 27. Ne5 {[%emt 0:00:53]} Bxe5 {[%emt 0:00:
24]} 28. Bxe5 {[%emt 0:00:02]} Rxc5 {[%emt 0:00:03]} 29. Bd4 {[%emt 0:00:06]}
Rc8 {[%emt 0:00:05]} 30. Qa7 {[%emt 0:00:12]} Qxa7 {[%emt 0:00:22]} 31. Bxa7 {
[%emt 0:00:02]} Rc3 {[%emt 0:00:02]} 32. Ra1 {[%emt 0:00:04]} f6 {[%emt 0:00:
06]} 33. Bb6 {[%emt 0:00:05]} e5 {[%emt 0:00:15]} 34. Kf2 {[%emt 0:00:01]} Kf7
{[%emt 0:00:04]} 35. Ba5 {[%emt 0:00:01]} Rb3 {[%emt 0:00:04]} 36. Bb4 {[%emt
0:00:01]} Rd3 {[%emt 0:00:04]} 37. Rc1 {[%emt 0:00:02]} Ke6 {[%emt 0:00:09]}
38. Rc6+ {[%emt 0:00:02]} Kf5 {[%emt 0:00:06]} 39. h3 {[%emt 0:00:08]} Rb3 {
[%emt 0:00:01]} 40. g4+ {[%emt 0:00:03]} Ke4 {[%emt 0:00:01]} 41. Rc5 {[%emt 0:
00:02]} Rb2+ {[%emt 0:00:01]} 42. Kg3 {[%emt 0:00:03]} Kxe3 {[%emt 0:00:01]}
43. Rxb5 {[%emt 0:00:02]} Ke2 {[%emt 0:00:02]} 44. Rb6 {[%emt 0:00:03]} Rb3+ {
[%emt 0:00:01]} 45. Kg2 {[%emt 0:00:00]} f5 {[%emt 0:00:05]} 46. gxf5 {[%emt 0:
00:00]} gxf5 {[%emt 0:00:03]} 47. Re6 {[%emt 0:00:01]} e4 {[%emt 0:00:01]} 48.
Re5 {[%emt 0:00:00]} Kd3 {[%emt 0:00:02]} 49. Rxf5 {[%emt 0:00:01]} e3 {[%emt
0:00:01]} 50. Rf3 {[%emt 0:00:02]} Ke2 {[%emt 0:00:01]} 51. Bc5 {[%emt 0:00:05]
} Rc3 {[%emt 0:00:03]} 52. Rxe3+ {[%emt 0:00:01]} Rxe3 {[%emt 0:00:01]} 53.
Bxe3 {[%emt 0:00:00]} Kxe3 {[%emt 0:00:01]} 54. Kg3 {[%emt 0:00:00]} Kd4 {
[%emt 0:00:00]} 55. Kg4 {[%emt 0:00:00]} Kc3 {[%emt 0:00:00]} 56. Kh5 {[%emt 0:
00:01]} Kb3 {[%emt 0:00:00]} 57. Kh6 {[%emt 0:00:00]} Kxa3 {[%emt 0:00:00]} 58.
Kxh7 {[%emt 0:00:00]} Kb4 {[%emt 0:00:00]} 59. h4 {[%emt 0:00:00]} Kc5 {[%emt
0:00:00]} 60. h5 {[%emt 0:00:00]} Kd6 {[%emt 0:00:00]} 61. h6 {[%emt 0:00:00]}
Ke7 {[%emt 0:00:00]} 62. Kg8 {[%emt 0:00:00]} Kf6 {[%emt 0:00:01]} 63. h7 {
[%emt 0:00:00] Pra120 resigns} 1-0

[Event "Villarobledo Online Qualifyer"]
[Site "playchess.com #155672"]
[Date "2009.05.23"]
[Round "1"]
[White "Kingsize"]
[Black "Schnickschnack"]
[Result "1/2-1/2"]
[WhiteElo "1461"]
[BlackElo "2116"]
[PlyCount "161"]
[EventDate "2009.05.23"]
[EventType "swiss (blitz)"]

1. e4 {[%emt 0:00:02]} e5 {[%emt 0:00:01]} 2. Nf3 {[%emt 0:00:02]} Nc6 {[%emt
0:00:02]} 3. Bc4 {[%emt 0:00:02]} Be7 {[%emt 0:00:02]} 4. c3 {[%emt 0:00:02]}
Nf6 {[%emt 0:00:01]} 5. d4 {[%emt 0:00:01]} d6 {[%emt 0:00:03]} 6. dxe5 {[%emt
0:00:02]} dxe5 {[%emt 0:00:03]} 7. Qxd8+ {[%emt 0:00:09]} Bxd8 {[%emt 0:00:03]}
8. Nbd2 {[%emt 0:00:01]} O-O {[%emt 0:00:02]} 9. O-O {[%emt 0:00:02]} Bg4 {
[%emt 0:00:07]} 10. h3 {[%emt 0:00:03]} Bh5 {[%emt 0:00:02]} 11. Bb5 {[%emt 0:
00:05]} Re8 {[%emt 0:00:22]} 12. Bxc6 {[%emt 0:00:04]} bxc6 {[%emt 0:00:01]}
13. b3 {[%emt 0:00:26]} Bxf3 {[%emt 0:00:18]} 14. gxf3 {[%emt 0:00:02]} Be7 {
[%emt 0:00:01]} 15. Nc4 {[%emt 0:00:04]} Bc5 {[%emt 0:00:04]} 16. Be3 {[%emt 0:
00:03]} Bb6 {[%emt 0:00:05]} 17. Rad1 {[%emt 0:00:16]} h6 {[%emt 0:00:06]} 18.
Rd2 {[%emt 0:00:02]} Kf8 {[%emt 0:00:18]} 19. Rfd1 {[%emt 0:00:03]} Ng8 {[%emt
0:00:29]} 20. Bxb6 {[%emt 0:00:08]} axb6 {[%emt 0:00:04]} 21. Ne3 {[%emt 0:00:
04]} g6 {[%emt 0:00:05]} 22. a4 {[%emt 0:00:08]} Nf6 {[%emt 0:00:02]} 23. Ng4 {
[%emt 0:00:06]} Ng8 {[%emt 0:00:08]} 24. Rd7 {[%emt 0:00:04]} Rac8 {[%emt 0:00:
10]} 25. Kg2 {[%emt 0:00:23]} h5 {[%emt 0:00:02]} 26. Ne3 {[%emt 0:00:03]} Nf6
{[%emt 0:00:01]} 27. Nc4 {[%emt 0:00:05]} Nxd7 {[%emt 0:00:09]} 28. Rxd7 {
[%emt 0:00:03]} Red8 {[%emt 0:00:03]} 29. Rxd8+ {[%emt 0:00:05]} Rxd8 {[%emt 0:
00:01]} 30. Kf1 {[%emt 0:00:02]} f6 {[%emt 0:00:03]} 31. Ke2 {[%emt 0:00:01]}
Ke7 {[%emt 0:00:01]} 32. Ke3 {[%emt 0:00:04]} Ke6 {[%emt 0:00:02]} 33. Ke2 {
[%emt 0:00:06]} f5 {[%emt 0:00:02]} 34. a5 {[%emt 0:00:05]} b5 {[%emt 0:00:16]}
35. Ne3 {[%emt 0:00:08]} c5 {[%emt 0:00:05]} 36. b4 {[%emt 0:00:05]} cxb4 {
[%emt 0:00:05]} 37. cxb4 {[%emt 0:00:02]} c5 {[%emt 0:00:02]} 38. Nd5 {[%emt 0:
00:13]} cxb4 {[%emt 0:00:03]} 39. Nxb4 {[%emt 0:00:02]} Ra8 {[%emt 0:00:04]}
40. a6 {[%emt 0:00:05]} Kd6 {[%emt 0:00:02]} 41. Kd3 {[%emt 0:00:02]} Kc5 {
[%emt 0:00:03]} 42. Kc3 {[%emt 0:00:03]} fxe4 {[%emt 0:00:03]} 43. fxe4 {[%emt
0:00:04]} Rf8 {[%emt 0:00:01]} 44. Nd3+ {[%emt 0:00:10]} Kb6 {[%emt 0:00:19]}
45. Nxe5 {[%emt 0:00:04]} Rxf2 {[%emt 0:00:04]} 46. Nxg6 {[%emt 0:00:02]} Rf3+
{[%emt 0:00:01]} 47. Kd4 {[%emt 0:00:04]} Rxh3 {[%emt 0:00:02]} 48. e5 {[%emt
0:00:01]} Kxa6 {[%emt 0:00:10]} 49. e6 {[%emt 0:00:02]} Rh1 {[%emt 0:00:07]}
50. e7 {[%emt 0:00:03]} Rd1+ {[%emt 0:00:01]} 51. Kc5 {[%emt 0:00:06]} Re1 {
[%emt 0:00:02]} 52. Kd6 {[%emt 0:00:02]} h4 {[%emt 0:00:01]} 53. Ne5 {[%emt 0:
00:03]} Rd1+ {[%emt 0:00:01]} 54. Ke6 {[%emt 0:00:02]} h3 {[%emt 0:00:01]} 55.
e8=Q {[%emt 0:00:02]} h2 {[%emt 0:00:01]} 56. Qc6+ {[%emt 0:00:02]} Ka5 {[%emt
0:00:01]} 57. Nc4+ {[%emt 0:00:06]} bxc4 {[%emt 0:00:02]} 58. Qxc4 {[%emt 0:00:
03]} h1=Q {[%emt 0:00:02]} 59. Qc5+ {[%emt 0:00:04]} Ka6 {[%emt 0:00:03]} 60.
Qa3+ {[%emt 0:00:04]} Kb7 {[%emt 0:00:02]} 61. Qb3+ {[%emt 0:00:02]} Kc7 {
[%emt 0:00:03]} 62. Qg3+ {[%emt 0:00:05]} Kc8 {[%emt 0:00:05]} 63. Qc3+ {[%emt
0:00:03]} Kd8 {[%emt 0:00:04]} 64. Qa5+ {[%emt 0:00:03]} Kc8 {[%emt 0:00:01]}
65. Qc5+ {[%emt 0:00:03]} Kb8 {[%emt 0:00:02]} 66. Qb6+ {[%emt 0:00:02]} Qb7 {
[%emt 0:00:01]} 67. Qf2 {[%emt 0:00:10]} Qc6+ {[%emt 0:00:03]} 68. Kf5 {[%emt
0:00:05]} Rd5+ {[%emt 0:00:01]} 69. Kg4 {[%emt 0:00:03]} Qc4+ {[%emt 0:00:01]}
70. Kg3 {[%emt 0:00:03]} Rd3+ {[%emt 0:00:01]} 71. Kg2 {[%emt 0:00:03]} Qc2 {
[%emt 0:00:01]} 72. Qxc2 {[%emt 0:00:03]} Rd7 {[%emt 0:00:01]} 73. Qb3+ {[%emt
0:00:02]} Rb7 {[%emt 0:00:01]} 74. Qg8+ {[%emt 0:00:01]} Ka7 {[%emt 0:00:01]}
75. Qa2+ {[%emt 0:00:01]} Kb6 {[%emt 0:00:01]} 76. Qb3+ {[%emt 0:00:01]} Ka7 {
[%emt 0:00:00]} 77. Qa4+ {[%emt 0:00:01]} Kb8 {[%emt 0:00:01]} 78. Qe8+ {[%emt
0:00:01]} Ka7 {[%emt 0:00:00]} 79. Qa4+ {[%emt 0:00:01]} Kb8 {[%emt 0:00:01]}
80. Qe8+ {[%emt 0:00:01]} Ka7 {[%emt 0:00:00]} 81. Qa4+ {[%emt 0:00:01]}
1/2-1/2

[Event "Villarobledo Online Qualifyer"]
[Site "playchess.com #155672"]
[Date "2009.05.23"]
[Round "2"]
[White "Ricardov"]
[Black "Avazino"]
[Result "1-0"]
[WhiteElo "2437"]
[BlackElo "2050"]
[PlyCount "29"]
[EventDate "2009.05.23"]
[EventType "swiss (blitz)"]

1. e4 {[%emt 0:00:00]} e6 {[%emt 0:00:03]} 2. d4 {[%emt 0:00:01]} d5 {[%emt 0:
00:00]} 3. Nc3 {[%emt 0:00:00]} dxe4 {[%emt 0:00:01]} 4. Nxe4 {[%emt 0:00:01]}
Bd7 {[%emt 0:00:00]} 5. Bd3 {[%emt 0:00:03]} Bc6 {[%emt 0:00:01]} 6. Nf3 {
[%emt 0:00:01]} Nd7 {[%emt 0:00:00]} 7. Qe2 {[%emt 0:00:02]} Ngf6 {[%emt 0:00:
00]} 8. Bg5 {[%emt 0:00:01]} Be7 {[%emt 0:00:01]} 9. h4 {[%emt 0:00:01]} h6 {
[%emt 0:00:01]} 10. Bxf6 {[%emt 0:00:03]} Nxf6 {[%emt 0:00:01]} 11. O-O-O {
[%emt 0:00:02]} Nxe4 {[%emt 0:00:04]} 12. Bxe4 {[%emt 0:00:01]} Bxe4 {[%emt 0:
00:01]} 13. Qxe4 {[%emt 0:00:00]} Qd5 {[%emt 0:00:01]} 14. Qxd5 {[%emt 0:00:00]
} e5 {[%emt 0:00:01]} 15. Qxe5 {[%emt 0:00:01] Avazino resigns} 1-0

[Event "Villarobledo Online Qualifyer"]
[Site "playchess.com #155672"]
[Date "2009.05.23"]
[Round "2"]
[White "Thenaar"]
[Black "Tojobo"]
[Result "1-0"]
[WhiteElo "2110"]
[BlackElo "1668"]
[PlyCount "43"]
[EventDate "2009.05.23"]
[EventType "swiss (blitz)"]

1. e4 {[%emt 0:00:05]} c5 {[%emt 0:00:01]} 2. Nf3 {[%emt 0:00:12]} e6 {[%emt 0:
00:01]} 3. d4 {[%emt 0:00:01]} cxd4 {[%emt 0:00:01]} 4. Nxd4 {[%emt 0:00:00]}
a6 {[%emt 0:00:02]} 5. Nc3 {[%emt 0:00:00]} d6 {[%emt 0:00:01]} 6. Bc4 {[%emt
0:00:05]} Nf6 {[%emt 0:00:02]} 7. Bb3 {[%emt 0:00:02]} Nbd7 {[%emt 0:00:01]} 8.
O-O {[%emt 0:00:04]} Be7 {[%emt 0:00:01]} 9. Bxe6 {[%emt 0:00:02]} fxe6 {[%emt
0:00:02]} 10. Nxe6 {[%emt 0:00:00]} Qa5 {[%emt 0:00:04]} 11. Nxg7+ {[%emt 0:00:
03]} Kf7 {[%emt 0:00:04]} 12. Nf5 {[%emt 0:00:01]} Ne5 {[%emt 0:00:03]} 13.
Nxe7 {[%emt 0:00:02]} Kxe7 {[%emt 0:00:02]} 14. Bg5 {[%emt 0:00:02]} Bg4 {
[%emt 0:00:03]} 15. Nd5+ {[%emt 0:00:03]} Kf7 {[%emt 0:00:10]} 16. f3 {[%emt 0:
00:06]} Qc5+ {[%emt 0:00:18]} 17. Be3 {[%emt 0:00:20]} Qc4 {[%emt 0:00:14]} 18.
fxg4 {[%emt 0:00:02]} Nexg4 {[%emt 0:00:02]} 19. Qxg4 {[%emt 0:00:02]} Rhg8 {
[%emt 0:00:03]} 20. Rxf6+ {[%emt 0:00:03]} Ke8 {[%emt 0:00:02]} 21. Qxg8+ {
[%emt 0:00:02]} Kd7 {[%emt 0:00:01]} 22. Nb6+ {[%emt 0:00:01] Tojobo gibt auf}
1-0

[Event "Villarobledo Online Qualifyer"]
[Site "playchess.com #155672"]
[Date "2009.05.23"]
[Round "2"]
[White "Artur95"]
[Black "Jebe"]
[Result "1-0"]
[WhiteElo "2330"]
[BlackElo "1946"]
[PlyCount "57"]
[EventDate "2009.05.23"]
[EventType "swiss (blitz)"]

1. e4 {[%emt 0:00:02]} c5 {[%emt 0:00:02]} 2. c3 {[%emt 0:00:11]} e6 {[%emt 0:
00:03]} 3. d4 {[%emt 0:00:01]} cxd4 {[%emt 0:00:00]} 4. cxd4 {[%emt 0:00:01]}
d6 {[%emt 0:00:03]} 5. Nc3 {[%emt 0:00:01]} Nf6 {[%emt 0:00:01]} 6. Nf3 {[%emt
0:00:02]} Be7 {[%emt 0:00:01]} 7. Bd3 {[%emt 0:00:00]} O-O {[%emt 0:00:01]} 8.
h4 {[%emt 0:00:00]} Nc6 {[%emt 0:00:01]} 9. e5 {[%emt 0:00:01]} Nd5 {[%emt 0:
00:03]} 10. Bxh7+ {[%emt 0:00:01]} Kxh7 {[%emt 0:00:02]} 11. Ng5+ {[%emt 0:00:
01]} Kg6 {[%emt 0:00:07]} 12. Qg4 {[%emt 0:00:13]} f5 {[%emt 0:00:09]} 13. h5+
{[%emt 0:00:03]} Kh6 {[%emt 0:00:05]} 14. Nxe6+ {[%emt 0:00:01]} Bg5 {[%emt 0:
00:31]} 15. Qxg5+ {[%emt 0:00:01]} Qxg5 {[%emt 0:00:02]} 16. Bxg5+ {[%emt 0:00:
00]} Kh7 {[%emt 0:00:01]} 17. Nxf8+ {[%emt 0:00:00]} Kg8 {[%emt 0:00:08]} 18.
Nxd5 {[%emt 0:00:00]} dxe5 {[%emt 0:00:04]} 19. Ng6 {[%emt 0:00:04]} Nxd4 {
[%emt 0:00:03]} 20. O-O-O {[%emt 0:00:04]} Be6 {[%emt 0:00:02]} 21. Rxd4 {
[%emt 0:00:01]} exd4 {[%emt 0:00:03]} 22. Nde7+ {[%emt 0:00:01]} Kf7 {[%emt 0:
00:02]} 23. Re1 {[%emt 0:00:00]} Bxa2 {[%emt 0:00:05]} 24. f4 {[%emt 0:00:03]}
a5 {[%emt 0:00:02]} 25. Re5 {[%emt 0:00:01]} Be6 {[%emt 0:00:04]} 26. Rb5 {
[%emt 0:00:01]} Ra7 {[%emt 0:00:06]} 27. Rb6 {[%emt 0:00:02]} a4 {[%emt 0:00:
03]} 28. Ne5+ {[%emt 0:00:01]} Ke8 {[%emt 0:00:03]} 29. Rxe6 {[%emt 0:00:00]
Jebe gibt auf} 1-0